Pink Floyd Studio Albums by Year - Statistics

General Stats
  • This quiz has been taken 198 times
  • The average score is 13 of 15
Answer Stats
Hint Answer % Correct
1973 Dark Side of the Moon
99%
1979 The Wall
98%
1977 Animals
94%
1975 Wish You Were Here
94%
1994 Division Bell
92%
1971 Meddle
90%
1969 Ummagumma
90%
1967 Piper at the Gates of Dawn
89%
1983 The Final Cut
88%
1987 Momentary Lapse of Reason
84%
1968 A Saucerful of Secrets
81%
1970 Atom Heart Mother
81%
2014 Endless River
81%
1969 More
81%
1972 Obscured by Clouds
80%
No matching quizzes found
Score Distribution
Percent of People with Each Score
Percentile by Number Answered
Your Score History
You have not taken this quiz